000 01378nam a2200349 c 4500
003 BLK
005 20250628101128.0
008 180408b bul|||||r ||||||| ||bul||
010 _aKNG00045341000
020 _a978-954-529-903-2
_bиздат.: Колибри
040 _aBLK
041 _aBUL
_cBUL
072 7 _2bullib
_aН83
_xЧужда художествена литература Н
080 _aЧилийска литература
_b821.134.2(83)
_x-31
_z821.134.2(83)-31
100 1 _aАлиенде, Исабел
_eпърви автор
_930822
700 1 _aКостова, Маня Асенова
_eпрев. от исп.
_9277900
139 _aАлиенде, Исабел
_bА 54
245 1 0 _aОстровът под морето
_bРоман
_cИсабел Алиенде; прев. от исп. Маня Асенова Костова.
257 _aCHI
260 София
_bКолибри
_c2011
_fСофия : Симолини
300 _a432 с.
_c20 см
380 _aX
500 _aОриг. загл. La isla bajo el mar / Isabel Allende.
653 _aромани
659 _aН
852 _aЦб 254232
856 4 _qpdf
_u
856 4 _qpdf
_u
942 _cKNG
_n0
_050
944 _aCR
_c05.01.2012
_lМоника Янева
_k30570
944 _aED
_c12.12.2014
_lф /
_kЛюдмила_Стоянова
999 _c41758
_d41758